| 000 | 00773nam a2200229 a 4500 | ||
|---|---|---|---|
| 005 | 20210219150641.0 | ||
| 008 | 991125s1981 mx 000 0 spa u | ||
| 020 | _a9232015838 | ||
| 035 | _aUPN01000018292 | ||
| 049 | _aUNE | ||
| 080 | _a371.62 =40KEN N:2. | ||
| 100 | 1 | _aKennedy ,Margrit I. | |
| 245 | 1 | 3 |
_aLa Constrution d’écoles communitaires : _bAnalyse d'expériences / _cMargrit I. Kennedy. |
| 260 |
_aParís : _bUNESCO, _c1981. |
||
| 300 |
_a168 p. : _bil, plans. |
||
| 440 | 0 |
_aBâtiments et équipements éducatifs ; _v2 |
|
| 690 | _aEscuelas comunitarias - Desarrollo de la comunidad | ||
| 690 | _aEdificios educacionales - Escuelas comunitarias | ||
| 690 | _aDesarrollo de la comunidad - Escuelas comunitarias | ||
| 710 | 2 | _aUNESCO | |
| 905 | _aUNESCO | ||
| 999 |
_c18292 _d18292 |
||